[Event "Pocos de Caldas op"]
[Site "Pocos de Caldas"]
[Date "2022.03.13"]
[Round "5"]
[White "Assumpcao, Roberto"]
[Black "Cardozo, Matheus Santos"]
[Result "1-0"]
[WhiteElo "2166"]
[BlackElo "1886"]
[PlyCount "71"]
[EventDate "2022.03.11"]
[EventType "swiss"]
[EventRounds "6"]
[EventCountry "BRA"]
[SourceTitle "CBM 207 Extra"]
[Source "ChessBase"]
[SourceDate "2022.05.31"]
[SourceVersion "1"]
[SourceVersionDate "2022.05.31"]
[SourceQuality "1"]

1. c4 Nf6 2. Nc3 c5 3. Nf3 Nc6 4. g3 g6 5. Bg2 Bg7 6. 0-0 0-0 7. d4 cxd4 8. Nxd4 d6 9. Nxc6 bxc6 10. Bxc6 Rb8 11. Bg2 Qa5 12. Qc2 Bb7 13. Bd2 Bxg2 14. Kxg2 Rfc8 15. b3 Qh5 16. e4 Rd8 17. Rae1 Rbc8 18. Qd1 Qc5 19. Nd5 Kf8 20. Bg5 Nxd5 21. exd5 Re8 22. Qd2 a5 23. Re2 a4 24. Rfe1 Rc7 25. Bh6 axb3 26. axb3 Qa3 27. Qc3 f6 28. Bxg7+ Kxg7 29. Re6 Kf7 30. Qe3 Qa8 31. h4 Rb7 32. h5 g5 33. Qe4 Kg7 34. h6+ Kg8 35. Rxf6 Rf8 36. Rg6+ 1-0

[Event "Pocos de Caldas op"]
[Site "Pocos de Caldas"]
[Date "2022.03.11"]
[Round "1"]
[White "Assumpcao, Roberto"]
[Black "Parijos de Melo, Luiz Claudio"]
[Result "1-0"]
[WhiteElo "2166"]
[BlackElo "1726"]
[PlyCount "98"]
[EventDate "2022.03.11"]
[EventType "swiss"]
[EventRounds "6"]
[EventCountry "BRA"]
[SourceTitle "CBM 207 Extra"]
[Source "ChessBase"]
[SourceDate "2022.05.31"]
[SourceVersion "1"]
[SourceVersionDate "2022.05.31"]
[SourceQuality "1"]

1. e4 c5 2. Nf3 e6 3. d4 cxd4 4. Nxd4 Nf6 5. Nc3 Nc6 6. Ndb5 Bb4 7. a3 Bxc3+ 8. Nxc3 d5 9. exd5 exd5 10. Bg5 Be6 11. Bd3 h6 12. Bh4 g5 13. Bg3 a6 14. Qd2 Nh5 15. 0-0-0 Nxg3 16. hxg3 Qf6 17. f4 0-0-0 18. f5 Bd7 19. Nxd5 Qd6 20. Nb6+ Kc7 21. Nxd7 Rxd7 22. g4 Rhd8 23. Kb1 Qg3 24. Rxh6 Qxg4 25. Rf1 Kb8 26. Qe3 Rd4 27. g3 Kc7 28. Rh7 R4d7 29. f6 Nd4 30. Bc4 Nf3 31. Be2 Qf5 32. Rxf3 Qxh7 33. Qa7 Qh1+ 34. Ka2 Rc8 35. Rc3+ Kd8 36. Rxc8+ Kxc8 37. Bg4 Qd5+ 38. b3 Qe4 39. Qc5+ Qc6 40. Bxd7+ Kxd7 41. Qe7+ Kc8 42. Qf8+ Kc7 43. Qxf7+ Kb6 44. Kb2 Qd6 45. Qe7 Kc6 46. Qe4+ Kd7 47. Qxb7+ Ke6 48. Qe7+ Qxe7 49. fxe7 Kxe7 1-0

[Event "Florianopolis op 7th"]
[Site "Florianopolis"]
[Date "2021.01.23"]
[Round "8"]
[White "Assumpcao, Roberto"]
[Black "Hille, Willian Henrique"]
[Result "1/2-1/2"]
[WhiteElo "2212"]
[BlackElo "1984"]
[PlyCount "93"]
[EventDate "2021.01.18"]
[EventType "swiss"]
[EventRounds "10"]
[EventCountry "BRA"]
[SourceTitle "CBM 200 Extra"]
[Source "ChessBase"]
[SourceDate "2021.03.31"]
[SourceVersion "1"]
[SourceVersionDate "2021.03.31"]
[SourceQuality "1"]

1. c4 f5 2. Nc3 Nf6 3. d3 d6 4. g3 g6 5. Bg2 Bg7 6. Nf3 0-0 7. d4 Qe8 8. d5 e5 9. dxe6 Bxe6 10. Nd4 Bc8 11. 0-0 c6 12. Bf4 Qe7 13. Qd2 Nbd7 14. Nxc6 bxc6 15. Bxd6 Qf7 16. Bxf8 Nxf8 17. Bxc6 Bb7 18. Bxb7 Qxb7 19. Rad1 Ne6 20. Nb5 Nc5 21. Qe3 Bf8 22. b4 Re8 23. Qd4 Ncd7 24. Nd6 Bxd6 25. Qxd6 Rxe2 26. f3 a5 27. Rf2 Rxf2 28. Kxf2 axb4 29. Kg2 b3 30. axb3 Qxb3 31. Qd4 Kf7 32. Rd2 Qb1 33. g4 fxg4 34. fxg4 Qb7+ 35. Kg1 g5 36. Rf2 h6 37. Qd3 Kg7 38. Qd4 Qc6 39. Rf5 Qe6 40. h3 Qe1+ 41. Kg2 Qe2+ 42. Kg1 Qe1+ 43. Kh2 Qe2+ 44. Kg1 Qe1+ 45. Kh2 Qe2+ 46. Rf2 Qe6 47. Rf5 1/2-1/2

[Event "Florianopolis op 7th"]
[Site "Florianopolis"]
[Date "2021.01.23"]
[Round "9"]
[White "Montanu, Dan Vladimir"]
[Black "Assumpcao, Roberto"]
[Result "0-1"]
[WhiteElo "1957"]
[BlackElo "2212"]
[PlyCount "96"]
[EventDate "2021.01.18"]
[EventType "swiss"]
[EventRounds "10"]
[EventCountry "BRA"]
[SourceTitle "CBM 200 Extra"]
[Source "ChessBase"]
[SourceDate "2021.03.31"]
[SourceVersion "1"]
[SourceVersionDate "2021.03.31"]
[SourceQuality "1"]

1. d4 Nf6 2. c4 g6 3. Nc3 d5 4. Bf4 Bg7 5. e3 0-0 6. Nf3 c5 7. Be2 cxd4 8. exd4 Nc6 9. 0-0 dxc4 10. Bxc4 Nh5 11. Be3 Qa5 12. Qb3 Qf5 13. Qa3 Nf4 14. Bxf4 Qxf4 15. Nd5 Qd6 16. Qxd6 exd6 17. Rad1 Be6 18. Rfe1 Rac8 19. h3 Rfe8 20. Ne3 Bxc4 21. Nxc4 Rxe1+ 22. Rxe1 Nxd4 23. Nxd6 Nxf3+ 24. gxf3 Rc2 25. Re8+ Bf8 26. b3 b6 27. a4 Kg7 28. Ne4 f5 29. Ng5 Bc5 30. Ra8 a5 31. f4 Re2 32. Ra7+ Re7 33. Rxe7+ Bxe7 34. Kg2 h6 35. Ne6+ Kf7 36. Nd4 Bc5 37. Nc6 Ke6 38. Kf3 Bd6 39. Nd4+ Kd5 40. Nc2 Bc5 41. Ne3+ Kd4 42. Nc4 Kc3 43. Ne5 Kxb3 44. Nxg6 Kxa4 45. Nh4 b5 46. Nxf5 b4 47. Ng3 b3 48. Ne2 Bb4 0-1

[Event "Florianopolis op 7th"]
[Site "Florianopolis"]
[Date "2021.01.19"]
[Round "3"]
[White "Assumpcao, Roberto"]
[Black "Tomiello, Mateus Costamilan"]
[Result "0-1"]
[WhiteElo "2212"]
[BlackElo "1969"]
[PlyCount "98"]
[EventDate "2021.01.18"]
[EventType "swiss"]
[EventRounds "10"]
[EventCountry "BRA"]
[SourceTitle "CBM 200 Extra"]
[Source "ChessBase"]
[SourceDate "2021.03.31"]
[SourceVersion "1"]
[SourceVersionDate "2021.03.31"]
[SourceQuality "1"]

1. e4 e5 2. Nf3 Nc6 3. Bb5 a6 4. Ba4 Nf6 5. Qe2 b5 6. Bb3 Bc5 7. c3 d6 8. h3 0-0 9. 0-0 h6 10. Rd1 Re8 11. d3 Bb6 12. Nbd2 Be6 13. Nf1 d5 14. Ng3 d4 15. Bxe6 fxe6 16. Bd2 Rf8 17. Rac1 Nd7 18. c4 b4 19. Ne1 Qe7 20. Nc2 Bc5 21. b3 Kh7 22. Ne1 Rf7 23. Qh5 Raf8 24. Nf3 Rf4 25. Bxf4 exf4 26. Ne2 g6 27. Qh4 g5 28. Qh5 Rg8 29. e5 Ndxe5 30. Nxe5 Nxe5 31. Nxf4 Qf6 32. Ne2 Rf8 33. f3 Qf5 34. Ng3 Qf4 35. Ne4 Qe3+ 36. Kh2 Be7 37. Rc2 Nxd3 38. Rxd3 Qxd3 39. Rd2 Bd6+ 40. g3 Qe3 41. Rg2 d3 42. Qg4 Rf5 43. Qh5 Rf8 44. Qg4 Rf5 45. Qh5 Kg7 46. Qe8 Rxf3 47. Qd7+ Rf7 48. Qxe6 d2 49. Rxd2 Bxg3+ 0-1

[Event "Florianopolis op 7th"]
[Site "Florianopolis"]
[Date "2021.01.18"]
[Round "1"]
[White "Assumpcao, Roberto"]
[Black "De Freitas, Isabella Ribeiro Co"]
[Result "1-0"]
[WhiteElo "2212"]
[BlackElo "1893"]
[PlyCount "65"]
[EventDate "2021.01.18"]
[EventType "swiss"]
[EventRounds "10"]
[EventCountry "BRA"]
[SourceTitle "CBM 200 Extra"]
[Source "ChessBase"]
[SourceDate "2021.03.31"]
[SourceVersion "1"]
[SourceVersionDate "2021.03.31"]
[SourceQuality "1"]

1. e4 c5 2. Nf3 e6 3. c3 Nf6 4. e5 Nd5 5. c4 Nb4 6. a3 N4c6 7. d4 cxd4 8. Bd3 Nxe5 9. Nxd4 Nxd3+ 10. Qxd3 Nc6 11. Nb5 d6 12. Bf4 e5 13. Be3 Be7 14. 0-0 a6 15. N5c3 0-0 16. Rd1 f5 17. Nd5 f4 18. Bb6 Qd7 19. f3 Bd8 20. Nbc3 Qf7 21. Ne4 Qg6 22. b4 Bh3 23. Ra2 Bxb6+ 24. Nxb6 Rad8 25. Nd5 Rd7 26. c5 Nd4 27. cxd6 Nc6 28. Nc5 Bf5 29. Qc4 Rdf7 30. Ne7+ Nxe7 31. dxe7 Re8 32. Rd8 Qc6 33. Rad2 1-0

[Event "Niteroi op 1st"]
[Site "Niteroi"]
[Date "2019.09.08"]
[Round "7"]
[White "Assumpcao, Roberto"]
[Black "Brito, Luismar Jorge"]
[Result "0-1"]
[WhiteElo "2181"]
[BlackElo "2222"]
[PlyCount "32"]
[EventDate "2019.09.04"]
[EventType "swiss"]
[EventRounds "7"]
[EventCountry "BRA"]
[SourceTitle "EXT 2020"]
[Source "ChessBase"]
[SourceDate "2019.10.17"]
[SourceVersion "1"]
[SourceVersionDate "2019.10.17"]
[SourceQuality "1"]

1. b3 e5 2. Bb2 Nc6 3. e3 d5 4. Bb5 Bd6 5. f4 Qh4+ 6. g3 Qe7 7. Nf3 f6 8. fxe5 fxe5 9. Bxc6+ bxc6 10. Nxe5 Nf6 11. d4 0-0 12. 0-0 Bh3 13. Re1 Bxe5 14. dxe5 Ng4 15. Ba3 Qf7 16. Qe2 Qf2+ 0-1

[Event "Niteroi op 1st"]
[Site "Niteroi"]
[Date "2019.09.07"]
[Round "6"]
[White "Von Buelow, Georg"]
[Black "Assumpcao, Roberto"]
[Result "0-1"]
[WhiteElo "2366"]
[BlackElo "2181"]
[PlyCount "100"]
[EventDate "2019.09.04"]
[EventType "swiss"]
[EventRounds "7"]
[EventCountry "BRA"]
[SourceTitle "EXT 2020"]
[Source "ChessBase"]
[SourceDate "2019.10.17"]
[SourceVersion "1"]
[SourceVersionDate "2019.10.17"]
[SourceQuality "1"]

1. Nf3 d5 2. d4 Nf6 3. c4 e6 4. Nc3 c5 5. cxd5 exd5 6. g3 c4 7. Bg2 Be7 8. 0-0 0-0 9. Ne5 h6 10. b3 cxb3 11. Qxb3 Nc6 12. e3 Na5 13. Qa4 Be6 14. Bd2 b6 15. Rfc1 a6 16. Ne2 Nc4 17. Nc6 b5 18. Nxd8 bxa4 19. Nxe6 fxe6 20. Be1 Rab8 21. Nf4 Kf7 22. Bh3 Rb6 23. Rab1 Rc6 24. Rb7 a5 25. Bf1 Ra8 26. Bd3 Ne4 27. Rxc4 Rxc4 28. Bxc4 dxc4 29. Rc7 Rb8 30. Bxa5 g5 31. Ne2 Rb2 32. Nc3 Nxc3 33. Bxc3 a3 34. Kg2 Ke8 35. Rxc4 Rxa2 36. Rc8+ Kd7 37. Ra8 Kc6 38. Ra7 Bf8 39. Ra8 Bd6 40. e4 Kb5 41. e5 Be7 42. d5 exd5 43. e6 Bd6 44. Be5 Bc5 45. Rb8+ Kc4 46. Rc8 Rxf2+ 47. Kh3 Rf8 48. Rc7 a2 49. Bd6 a1Q 50. Rxc5+ Kd4 0-1

[Event "Niteroi op 1st"]
[Site "Niteroi"]
[Date "2019.09.06"]
[Round "5"]
[White "Assumpcao, Roberto"]
[Black "Di Berardino, Diego Rafael"]
[Result "0-1"]
[WhiteElo "2181"]
[BlackElo "2487"]
[PlyCount "62"]
[EventDate "2019.09.04"]
[EventType "swiss"]
[EventRounds "7"]
[EventCountry "BRA"]
[SourceTitle "EXT 2020"]
[Source "ChessBase"]
[SourceDate "2019.10.17"]
[SourceVersion "1"]
[SourceVersionDate "2019.10.17"]
[SourceQuality "1"]

1. d4 Nf6 2. c4 g6 3. Nc3 d5 4. Nf3 Bg7 5. Bg5 Ne4 6. Bh4 Nxc3 7. bxc3 dxc4 8. Qa4+ Qd7 9. Qxc4 b6 10. Bg3 c5 11. Ne5 Bxe5 12. dxe5 Ba6 13. Qb3 0-0 14. Rd1 Qb7 15. e6 f6 16. e3 Bxf1 17. Kxf1 Qa6+ 18. Ke1 Nc6 19. f3 c4 20. Qc2 Rfd8 21. Rd7 Rxd7 22. exd7 Qb7 23. Qe4 Qxd7 24. Qxc4+ Kg7 25. Kf2 Qd2+ 26. Qe2 Rd8 27. Re1 Qxc3 28. Qb5 Rd2+ 29. Re2 Nb4 30. Qe8 Nd3+ 31. Kf1 Rd1+ 0-1

[Event "Caioba Telecom op"]
[Site "Caioba"]
[Date "2017.09.29"]
[Round "3"]
[White "Matsuura, Frederico"]
[Black "Assumpcao, Roberto"]
[Result "1/2-1/2"]
[WhiteElo "2294"]
[BlackElo "2164"]
[PlyCount "22"]
[EventDate "2017.09.28"]
[EventType "swiss"]
[EventRounds "8"]
[EventCountry "BRA"]
[SourceTitle "EXT 2018"]
[Source "ChessBase"]
[SourceDate "2017.10.13"]
[SourceVersion "1"]
[SourceVersionDate "2017.10.13"]
[SourceQuality "1"]

1. d4 Nf6 2. Nf3 g6 3. c4 Bg7 4. Nc3 0-0 5. e4 d6 6. Be2 e5 7. d5 a5 8. Bg5 h6 9. Bh4 Na6 10. Nd2 Qe8 11. a3 Bd7 1/2-1/2

[Event "Caioba Telecom op"]
[Site "Caioba"]
[Date "2017.09.28"]
[Round "2"]
[White "Assumpcao, Roberto"]
[Black "Nunes Filho, Marcelo Adriano"]
[Result "1-0"]
[WhiteElo "2164"]
[BlackElo "1860"]
[PlyCount "43"]
[EventDate "2017.09.28"]
[EventType "swiss"]
[EventRounds "8"]
[EventCountry "BRA"]
[SourceTitle "EXT 2018"]
[Source "ChessBase"]
[SourceDate "2017.10.13"]
[SourceVersion "1"]
[SourceVersionDate "2017.10.13"]
[SourceQuality "1"]

1. e4 d5 2. exd5 Nf6 3. d4 Nxd5 4. Nf3 Bg4 5. Be2 g6 6. c4 Nb6 7. c5 N6d7 8. Qb3 Nf6 9. Ne5 Be6 10. Qxb7 Nbd7 11. Nc6 Qc8 12. Qxc8+ Rxc8 13. Nxa7 Rb8 14. Nc3 Nd5 15. Nab5 N7f6 16. Bf3 Nb4 17. 0-0 Bc4 18. Bb7 Kd7 19. Rd1 Nd3 20. d5 Nxd5 21. Nxd5 Bxd5 22. Rxd3 1-0

[Event "Goiania STD-ch sf"]
[Site "Goiania"]
[Date "2016.11.14"]
[Round "6"]
[White "Assumpcao, Roberto"]
[Black "Quintiliano Pinto, Renato Rodrigues"]
[Result "0-1"]
[WhiteElo "2177"]
[BlackElo "2487"]
[PlyCount "86"]
[EventDate "2016.11.12"]
[EventType "swiss"]
[EventRounds "7"]
[EventCountry "BRA"]
[SourceTitle "CBM 175 Extra"]
[Source "ChessBase"]
[SourceDate "2016.12.12"]
[SourceVersion "1"]
[SourceVersionDate "2016.12.12"]
[SourceQuality "1"]

1. e4 c5 2. Nf3 d6 3. d4 cxd4 4. Nxd4 Nf6 5. Nc3 a6 6. g3 e5 7. Nde2 Be7 8. Bg2 Nbd7 9. 0-0 b5 10. h3 Bb7 11. a4 0-0 12. Be3 b4 13. Nd5 Nxd5 14. exd5 a5 15. g4 Ba6 16. Re1 Rc8 17. Ng3 g6 18. Bh6 Re8 19. Qd2 Nc5 20. b3 Qd7 21. Kh2 Bf6 22. Be4 Bh4 23. Bg5 Bxg5 24. Qxg5 Qe7 25. Qe3 Qf6 26. Bg2 Kg7 27. Kg1 Qf4 28. Bf1 Qxe3 29. fxe3 Bxf1 30. Rxf1 Nb7 31. Rf2 Rc3 32. Re1 e4 33. Rd2 Nc5 34. Kf2 Rc8 35. Ke2 Rc7 36. Kd1 Kf6 37. Rd4 Ke5 38. Kd2 Nd7 39. Rxe4+ Kxd5 40. Rc1 Nc5 41. Re8 Nxb3+ 42. cxb3 Rxc1 43. e4+ Kc6 0-1

[Event "Caioba Telecom op"]
[Site "Caioba"]
[Date "2016.08.28"]
[Round "6"]
[White "Assumpcao, Roberto"]
[Black "Dos Santos, Haroldo Cunha Jr"]
[Result "0-1"]
[WhiteElo "2191"]
[BlackElo "2123"]
[PlyCount "104"]
[EventDate "2016.08.26"]
[EventType "swiss"]
[EventRounds "6"]
[EventCountry "BRA"]
[SourceTitle "CBM 174 Extra"]
[Source "ChessBase"]
[SourceDate "2016.10.10"]
[SourceVersion "1"]
[SourceVersionDate "2016.10.10"]
[SourceQuality "1"]

1. e4 e5 2. Nf3 Nc6 3. Bc4 Bc5 4. c3 Qe7 5. 0-0 Nf6 6. d3 d6 7. a4 a6 8. b4 Ba7 9. h3 Be6 10. Na3 Rd8 11. Re1 0-0 12. Bg5 h6 13. Bh4 g5 14. Bg3 Nh5 15. Kh2 Ng7 16. b5 Nb8 17. d4 f6 18. Qb3 Qf7 19. Rab1 axb5 20. Bxe6 Nxe6 21. Nxb5 Bb6 22. Rbd1 Nc6 23. Qb2 Ne7 24. dxe5 dxe5 25. Qc2 Nc5 26. Kh1 Qb3 27. Qxb3+ Nxb3 28. Nd6 Nc5 29. Nc4 Nxa4 30. Nxb6 Nxb6 31. Nd2 Na4 32. Nb3 b6 33. c4 c5 34. Rb1 Nc6 35. f3 Rd3 36. Rec1 Nc3 37. Rb2 Rfd8 38. Kh2 Nd1 39. Rbb1 Nc3 40. Rb2 Ra8 41. Be1 Nd1 42. Rbb1 Ne3 43. Na1 Ra6 44. Bf2 Nd4 45. Rb2 Nd1 46. Bxd4 exd4 47. Rbb1 Ne3 48. Nc2 Kf7 49. h4 Ke6 50. Ne1 Rd2 51. hxg5 hxg5 52. Rb3 Kd6 0-1

[Event "Caioba Telecom op"]
[Site "Caioba"]
[Date "2016.08.28"]
[Round "5"]
[White "El Debs, Felipe de Cresce"]
[Black "Assumpcao, Roberto"]
[Result "1-0"]
[WhiteElo "2521"]
[BlackElo "2191"]
[PlyCount "47"]
[EventDate "2016.08.26"]
[EventType "swiss"]
[EventRounds "6"]
[EventCountry "BRA"]
[SourceTitle "CBM 174 Extra"]
[Source "ChessBase"]
[SourceDate "2016.10.10"]
[SourceVersion "1"]
[SourceVersionDate "2016.10.10"]
[SourceQuality "1"]

1. e4 c5 2. Nf3 e6 3. g3 d5 4. exd5 exd5 5. d4 Nf6 6. Bg2 Be7 7. 0-0 c4 8. b3 cxb3 9. axb3 Nc6 10. Ne5 0-0 11. Nxc6 bxc6 12. Ba3 Bxa3 13. Rxa3 Re8 14. Nc3 Qe7 15. Ra1 a5 16. Qd2 Bf5 17. Rfe1 Qb4 18. Re5 Rxe5 19. dxe5 Nd7 20. Ra4 Qb6 21. b4 Nxe5 22. Qf4 Bxc2 23. Rxa5 Re8 24. Qxe5 1-0

[Event "Matinhos Caioba-ch"]
[Site "Matinhos"]
[Date "2015.08.30"]
[Round "6"]
[White "Cruz, William Ferreira Da"]
[Black "Assumpcao, Roberto"]
[Result "1-0"]
[WhiteElo "2239"]
[BlackElo "2198"]
[PlyCount "77"]
[EventDate "2015.08.28"]
[EventType "swiss"]
[EventRounds "6"]
[EventCountry "BRA"]
[SourceTitle "EXT 2016"]
[Source "ChessBase"]
[SourceDate "2015.10.08"]
[SourceVersion "1"]
[SourceVersionDate "2015.10.08"]
[SourceQuality "1"]

1. d4 Nf6 2. c4 g6 3. Nc3 d5 4. cxd5 Nxd5 5. e4 Nb6 6. Be3 Bg7 7. h3 0-0 8. Nf3 f5 9. exf5 gxf5 10. Qb3+ e6 11. Bg5 Qd7 12. 0-0-0 c6 13. Kb1 Nd5 14. Nxd5 exd5 15. Bd3 b6 16. Ne5 Bxe5 17. dxe5 Qf7 18. f4 Nd7 19. Bc2 Nc5 20. Qg3 Qg6 21. Qh4 Ne4 22. Bxe4 fxe4 23. g4 e3+ 24. Ka1 Qe4 25. Rhe1 Ba6 26. Bh6 e2 27. Rd2 Rf7 28. Qg5+ Kh8 29. Qh5 Qg6 30. Qh4 Qe6 31. Bg5 Raf8 32. Qg3 Re8 33. Rdxe2 Bxe2 34. Rxe2 d4 35. f5 Qc4 36. Re1 Qb4 37. e6 Rff8 38. Qe5+ Kg8 39. f6 1-0

[Event "Pan American-ch Seniors 50"]
[Site "Sao Paulo"]
[Date "2014.12.18"]
[Round "3"]
[White "Ashcar, Decio"]
[Black "Assumpcao, Roberto"]
[Result "0-1"]
[WhiteElo "1676"]
[BlackElo "2218"]
[PlyCount "68"]
[EventDate "2014.12.17"]
[EventType "swiss"]
[EventRounds "7"]
[EventCountry "BRA"]
[SourceTitle "CBM 164 Extra"]
[Source "ChessBase"]
[SourceDate "2015.03.02"]
[SourceVersion "1"]
[SourceVersionDate "2015.03.02"]
[SourceQuality "1"]

1. b3 e5 2. e3 Nf6 3. Bb2 Nc6 4. Bb5 Bd6 5. Na3 a6 6. Bxc6 dxc6 7. Nc4 Qe7 8. d4 e4 9. Qd2 a5 10. a4 0-0 11. Ne2 Nd5 12. Nxd6 cxd6 13. Ba3 Bd7 14. c4 Nf6 15. Nc3 Rfb8 16. d5 c5 17. h3 Rf8 18. 0-0-0 Ne8 19. f3 f5 20. f4 Nc7 21. Rdg1 Na6 22. Na2 Nb4 23. Nxb4 axb4 24. Bb2 Kf7 25. g4 g6 26. g5 Bxa4 27. bxa4 Rxa4 28. Kd1 b5 29. Qc2 Qb7 30. Ke2 Rfa8 31. Ra1 Qa6 32. Rxa4 Qxa4 33. Kd2 Qxc2+ 34. Kxc2 bxc4 0-1

[Event "Pan American-ch Seniors 50"]
[Site "Sao Paulo"]
[Date "2014.12.18"]
[Round "2"]
[White "Assumpcao, Roberto"]
[Black "Cummings, David H"]
[Result "0-1"]
[WhiteElo "2218"]
[BlackElo "2311"]
[PlyCount "62"]
[EventDate "2014.12.17"]
[EventType "swiss"]
[EventRounds "7"]
[EventCountry "BRA"]
[SourceTitle "CBM 164 Extra"]
[Source "ChessBase"]
[SourceDate "2015.03.02"]
[SourceVersion "1"]
[SourceVersionDate "2015.03.02"]
[SourceQuality "1"]

1. d4 d5 2. c4 e6 3. Nc3 Nf6 4. Bg5 Be7 5. e3 h6 6. Bh4 0-0 7. Nf3 b6 8. Bxf6 Bxf6 9. cxd5 exd5 10. Be2 Be6 11. Qa4 c6 12. 0-0 b5 13. Qc2 Nd7 14. a4 b4 15. Na2 Qb6 16. a5 Qb7 17. Qa4 Be7 18. Nd2 Rfc8 19. Rfc1 Rab8 20. Nb3 c5 21. dxc5 Nxc5 22. Nxc5 Bxc5 23. Bf3 Qe7 24. Qd1 Rd8 25. Qe2 d4 26. exd4 Rxd4 27. Qe5 Rc8 28. Qe2 Qg5 29. Rd1 Rxd1+ 30. Qxd1 Rd8 31. Qa4 Qd2 0-1

[Event "Paulista-chT Interclubes"]
[Site "Sao Paulo"]
[Date "2012.02.??"]
[Round "5"]
[White "Assumpcao, Roberto"]
[Black "Alonso, Raphael VP Patricio"]
[Result "1/2-1/2"]
[WhiteElo "2245"]
[BlackElo "2162"]
[PlyCount "84"]
[EventDate "2012.02.25"]
[EventType "team-tourn"]
[EventRounds "7"]
[EventCountry "BRA"]
[SourceTitle "EXT 2022"]
[Source "ChessBase"]
[SourceDate "2021.10.06"]
[SourceVersion "1"]
[SourceVersionDate "2021.10.06"]
[SourceQuality "1"]
[WhiteTeam "Santos CX"]
[BlackTeam "Rio Preto AC"]
[WhiteTeamCountry "BRA"]
[BlackTeamCountry "BRA"]

1. e4 c5 2. Nf3 e6 3. d4 cxd4 4. Nxd4 a6 5. Bd3 b5 6. 0-0 Bb7 7. a4 b4 8. Be3 Nf6 9. Nd2 d5 10. e5 Ne4 11. N2b3 Nd7 12. f4 g6 13. Qg4 Ndc5 14. Kh1 Qc7 15. Qe2 Be7 16. Rfc1 h5 17. Nxc5 Bxc5 18. Nb3 Bxe3 19. Qxe3 Rc8 20. Bxe4 dxe4 21. c3 Qe7 22. cxb4 Qxb4 23. Rxc8+ Bxc8 24. Qc5 Qxc5 25. Nxc5 0-0 26. Nxe4 Bb7 27. Nc5 Bd5 28. Nxa6 Rc8 29. Nb4 Ba8 30. Rd1 Kg7 31. b3 Rc3 32. Rb1 Be4 33. Rg1 h4 34. Na2 Rxb3 35. Nc1 Ra3 36. Re1 Bd5 37. Kg1 Rxa4 38. g3 Rc4 39. Ne2 hxg3 40. hxg3 Rc2 41. Kf2 Bc4 42. Ke3 Bxe2 1/2-1/2

[Event "Regina Helena Marques 8th"]
[Site "Santos"]
[Date "2011.11.26"]
[Round "1"]
[White "Assumpcao, Roberto"]
[Black "Barreto Filho, Carlos Alberto"]
[Result "0-1"]
[WhiteElo "2245"]
[BlackElo "2307"]
[PlyCount "121"]
[EventDate "2011.11.26"]
[EventType "team-tourn"]
[EventRounds "9"]
[EventCountry "BRA"]
[EventCategory "2"]
[SourceTitle "EXT 2013"]
[Source "ChessBase"]
[SourceDate "2012.11.22"]
[SourceVersion "1"]
[SourceVersionDate "2012.11.22"]
[SourceQuality "1"]

1. e4 c5 2. Nf3 d6 3. Bb5+ Bd7 4. Bxd7+ Qxd7 5. 0-0 Nc6 6. Qe2 Nf6 7. Rd1 e6 8. d4 cxd4 9. Nxd4 Be7 10. c4 0-0 11. Nc3 Rac8 12. Nc2 Qc7 13. b3 a6 14. Bb2 Ne5 15. Rac1 g5 16. Ne3 Kh8 17. Rf1 Rg8 18. f4 gxf4 19. Rxf4 Rg6 20. Rcf1 Rcg8 21. R1f2 R8g7 22. Kh1 Kg8 23. Ncd1 Nfd7 24. Rf1 Bg5 25. R4f2 Nc5 26. Bxe5 dxe5 27. Nc3 Nd7 28. g3 Be7 29. Ng2 Nf6 30. Nh4 Rh6 31. Rg2 Ng4 32. Nf3 Bc5 33. Nd1 Bd4 34. Nxd4 exd4 35. Rf4 Ne5 36. Nf2 Rhg6 37. Nd3 Nxd3 38. Qxd3 Qe5 39. Rgf2 f6 40. Kg2 Rc7 41. b4 b6 42. R4f3 Kg7 43. a3 h5 44. Rf4 Rd7 45. Kh1 Qg5 46. Qf3 Qe5 47. Qd3 a5 48. Kg2 axb4 49. axb4 Ra7 50. R4f3 h4 51. Rd2 hxg3 52. Rxg3 Rxg3+ 53. hxg3 Rd7 54. Qf3 Qg5 55. Rd1 e5 56. Qd3 Ra7 57. Rd2 Ra1 58. Rf2 Qc1 59. Rf1 Qb2+ 60. Rf2 Qb1 61. Qf1 0-1

[Event "Sao Paulo Braga op"]
[Site "Sao Paulo"]
[Date "2011.04.23"]
[Round "7"]
[White "Assumpcao, Roberto"]
[Black "Sztokbant, Bernardo Vainzoff"]
[Result "1-0"]
[WhiteElo "2285"]
[BlackElo "1989"]
[PlyCount "73"]
[EventDate "2011.04.20"]
[EventType "swiss"]
[EventRounds "9"]
[EventCountry "BRA"]
[SourceTitle "EXT 2022"]
[Source "ChessBase"]
[SourceDate "2021.10.06"]
[SourceVersion "1"]
[SourceVersionDate "2021.10.06"]
[SourceQuality "1"]

1. e4 e5 2. Nf3 Nf6 3. Nxe5 d6 4. Nf3 Nxe4 5. d4 d5 6. Bd3 Nc6 7. 0-0 Be7 8. c4 Nb4 9. Be2 0-0 10. Nc3 Bf5 11. Bf4 Bd6 12. Bxd6 Qxd6 13. Qb3 dxc4 14. Bxc4 c5 15. dxc5 Qxc5 16. Rac1 Nd6 17. Ne4 Qb6 18. Nxd6 Qxd6 19. Rfd1 Qb6 20. Ne5 Be6 21. Bxe6 fxe6 22. Qg3 Rfd8 23. Nd7 Qa6 24. Nf6+ Kh8 25. Qh4 h6 26. Qxb4 Rxd1+ 27. Rxd1 gxf6 28. Qe7 Qc6 29. Qxf6+ Kh7 30. Qf7+ Kh8 31. g3 Qe8 32. Qxb7 Rd8 33. Rxd8 Qxd8 34. Qxa7 Qd2 35. Qb8+ Kh7 36. Qc7+ Kg8 37. Qc3 1-0